艦これ実装駆逐艦 - Statistics

General Stats
  • This quiz has been taken 33 times
    9 since last reset
  • The average score is 64 of 128
Answer Stats
艦娘名 % Correct
睦月
100%
吹雪
100%
叢雲
100%
100%
雪風
100%
島風
100%
如月
83%
長月
83%
83%
83%
初霜
83%
時雨
83%
83%
83%
時津風
83%
秋雲
83%
秋月
83%
冬月
83%
神風
67%
弥生
67%
卯月
67%
皐月
67%
水無月
67%
望月
67%
白雪
67%
初雪
67%
深雪
67%
綾波
67%
67%
67%
67%
子日
67%
海風
67%
江風
67%
大潮
67%
満潮
67%
陽炎
67%
不知火
67%
天津風
67%
浦風
67%
長波
67%
照月
67%
初月
67%
67%
67%
67%
Верный
67%
Johnston
67%
Samuel B.Roberts
67%
Z1
67%
Z3
67%
浦波
50%
敷波
50%
50%
50%
初春
50%
村雨
50%
五月雨
50%
山風
50%
朝潮
50%
黒潮
50%
親潮
50%
初風
50%
磯風
50%
50%
夕雲
50%
巻雲
50%
高波
50%
浜波
50%
涼月
50%
Ташкент
50%
丹陽
50%
Fletcher
50%
Janus
50%
Javelin
50%
Jervis
50%
朝風
33%
春風
33%
松風
33%
文月
33%
菊月
33%
三日月
33%
白雲
33%
磯波
33%
白露
33%
夕立
33%
春雨
33%
荒潮
33%
朝雲
33%
夏雲
33%
早潮
33%
浜風
33%
谷風
33%
舞風
33%
風雲
33%
藤波
33%
早波
33%
朝霜
33%
早霜
33%
秋霜
33%
清霜
33%
33%
33%
Libeccio
33%
Mogador
33%
Scirocco
33%
旗風
17%
薄雲
17%
天霧
17%
狭霧
17%
若葉
17%
有明
17%
夕暮
17%
山雲
17%
野分
17%
萩風
17%
巻波
17%
玉波
17%
涼波
17%
17%
17%
Grecale
17%
Heywood L.E.
17%
Maestrale
17%
涼風
0%
峯雲
0%
沖波
0%
岸波
0%
No matching quizzes found
Score Distribution
Percent of People with Each Score
Percentile by Number Answered
Your Score History
You have not taken this quiz since the last reset